5HLuxD.jpg

KING HENRY VIII SENIOR AND PRIMARY SCHOOL LIBRARY OPAC

Japan / (Record no. 3883)

000 -LEADER
fixed length control field 01904cam a2200385 a 4500
001 - CONTROL NUMBER
control field 17768283
003 - CONTROL NUMBER IDENTIFIER
control field OSt
005 - DATE AND TIME OF LATEST TRANSACTION
control field 20241115150309.0
008 - FIXED-LENGTH DATA ELEMENTS--GENERAL INFORMATION
fixed length control field 130607s2013 enkab 000 0 eng d
010 ## - LIBRARY OF CONGRESS CONTROL NUMBER
LC control number 2012277422
020 ## - INTERNATIONAL STANDARD BOOK NUMBER
International Standard Book Number 9780194236690 (pbk.)
035 ## - SYSTEM CONTROL NUMBER
System control number (OCoLC)ocn834089306
040 ## - CATALOGING SOURCE
Original cataloging agency JDD
Transcribing agency JDD
Modifying agency OCLCO
-- YDXCP
-- KH8
-- DLC
042 ## - AUTHENTICATION CODE
Authentication code lccopycat
043 ## - GEOGRAPHIC AREA CODE
Geographic area code a-ja---
082 ## - DEWEY DECIMAL CLASSIFICATION NUMBER
Classification number 428.6 BLA
100 1# - MAIN ENTRY--PERSONAL NAME
Personal name Bladon, Rachel,
Relator term author.
245 10 - TITLE STATEMENT
Title Japan /
Statement of responsibility, etc. Rachel Bladon.
260 ## - PUBLICATION, DISTRIBUTION, ETC.
Place of publication, distribution, etc. Oxford :
Name of publisher, distributor, etc. Oxford University Press,
Date of publication, distribution, etc. 2013.
300 ## - PHYSICAL DESCRIPTION
Extent 56 p. :
Other physical details ill. col., col. map ;
Dimensions 22 cm.
490 1# - SERIES STATEMENT
Series statement Oxford bookworms library. Factfiles. Stage 1
490 0# - SERIES STATEMENT
Series statement Oxford bookworms. Stage 1 (400 headwords)
500 ## - GENERAL NOTE
General note Included in the reader: Activities (Before reading ; While reading ; After reading).
500 ## - GENERAL NOTE
General note Word count: 5,354.
505 0# - FORMATTED CONTENTS NOTE
Formatted contents note Old meets new -- Emperors, samurai, and shoguns -- Earthquakes and volcanoes -- Life in Japan -- Language and customs -- Sport and culture -- Tokyo -- Other places to visit -- Japanese food -- Into the future.
520 ## - SUMMARY, ETC.
Summary, etc. What is Japan? It is everything new and modern: the Tokyo Sky Tree, 634 metres high; amazing camera and phones; karaoke and manga; trains going past at 300 kilometres an hour. And it is everthing timeless too: beautiful palaces; high mountains and hot springs; cherry blossom; queit gardens with water and trees. Here the past meets the future all the time. From sumo wrestlers to robots, Japan has something amazing for everybody.
521 ## - TARGET AUDIENCE NOTE
Target audience note ESL students:
-- Stage 2 (CEFR: A2-B1).
650 #0 - SUBJECT ADDED ENTRY--TOPICAL TERM
Topical term or geographic name entry element Readers (Adult)
650 #0 - SUBJECT ADDED ENTRY--TOPICAL TERM
Topical term or geographic name entry element Readers for new literates.
650 #0 - SUBJECT ADDED ENTRY--TOPICAL TERM
Topical term or geographic name entry element High interest-low vocabulary books.
650 #0 - SUBJECT ADDED ENTRY--TOPICAL TERM
Topical term or geographic name entry element Reading comprehension
Form subdivision Problems, exercises, etc.
651 #0 - SUBJECT ADDED ENTRY--GEOGRAPHIC NAME
Geographic name Japan
General subdivision Description and travel.
830 #0 - SERIES ADDED ENTRY--UNIFORM TITLE
Uniform title Oxford bookworms library.
Name of part/section of a work Factfiles.
-- Stage 1.
942 ## - ADDED ENTRY ELEMENTS (KOHA)
Source of classification or shelving scheme
Koha item type Teaching Resources
Holdings
Withdrawn status Lost status Source of classification or shelving scheme Damaged status Not for loan Collection code Permanent Location Current Location Shelving location Date acquired Total Checkouts Full call number Barcode Date due Date last seen Date last checked out Price effective from Koha item type
          Teaching Resources KH8 Senior School Library KH8 Senior School Library Staff Office 2024-11-15 1 428.6 BLA TRKHSL006178 2026-07-03 2025-08-20 2025-08-20 2024-11-15 Teaching Resources

Powered By KH8 IT Dept